| 000 | 00759nam a2200289Ia 4500 | ||
|---|---|---|---|
| 001 | 9324 | ||
| 003 | 18623 | ||
| 005 | 20241220105444.0 | ||
| 008 | ||||||n9999 ||| || || | ||
| 020 | _a8482763938 | ||
| 041 | _aspa | ||
| 082 |
_219 _a657 |
||
| 100 |
_aLott, Richard _916006 |
||
| 245 | 0 | _aAuditoria y control del procesamiento de datos | |
| 260 |
_aBogotá : _bGrupo Editorial Norma, _c1981. |
||
| 300 | _a184p | ||
| 490 | _aSerie norma de desarrollo gerencial | ||
| 562 | _e2 | ||
| 650 | 0 |
_aAuditoría _98206 |
|
| 650 | 0 |
_aAutomatización de oficinas _96605 |
|
| 650 |
_aCONTROL AUTOMATICO DE LA LEY _916007 |
||
| 650 |
_aSISTEMAS DE INFORMACIÓN _916008 |
||
| 942 | _cBKM | ||
| 942 | _cBKM | ||
| 999 |
_c9324 _d9324 |
||
| 526 | _a17598 | ||
| 526 | _a102617 | ||